[Event "GM"]
[Site "Brno"]
[Date "2004.07.08"]
[Round "8"]
[White "Polak, Tomas"]
[Black "Mista, Aleksander"]
[Result "1/2-1/2"]
[WhiteElo "2482"]
[BlackElo "2443"]
[PlyCount "69"]
[EventDate "2004.07.03"]
[Source "Roberto Alvarez"]
[SourceDate "2004.07.12"]

1. Nf3 Nf6 2. c4 g6 3. d4 Bg7 4. Nc3 d6 5. e4 O-O 6. Be2 Nbd7 7. O-O e5 8. Re1 c6 9. Bf1 a5 10. dxe5 dxe5 11. Na4 Qe7 12. Qc2 b6 13. c5 b5 14. Nb6 Nxb6 15. cxb6 Bb7 16. a4 Rfc8 17. Be3 Bf8 18. h3 b4 19. Bc4 h6 20. Nd2 c5 21. f4 Nd7 22. fxe5 Nxb6 23. e6 fxe6 24. e5 Kg7 25. Rf1 Nd5 26. Bxd5 exd5 27. Rf6 Kh8 28. Qxg6 Qg7 29. Qf5 Rc7 30. Rxh6+ Qxh6 31. Bxh6 Bxh6 32. Qf6+ Kh7 33. Qf5+ Kh8 34. Qf6+ Kh7 35. Qf5+ 1/2-1/2

[Event "Baku"]
[Site "Baku AZE"]
[Date "1980.??.??"]
[Round "3"]
[White "Lechtynsky, Jiri"]
[Black "Martinovic, Slobodan"]
[Result "1-0"]
[WhiteElo "2450"]
[BlackElo "2475"]
[PlyCount "95"]
[EventDate "1980.??.??"]
[Source "www.chesslib.no"]
[SourceDate "2004.05.04"]

1. Nf3 Nf6 2. d4 g6 3. c4 Bg7 4. Nc3 d6 5. e4 O-O 6. Be2 e5 7. O-O c6 8. Re1 Nbd7 9. Bf1 a5 10. Rb1 Re8 11. dxe5 dxe5 12. Na4 Bf8 13. a3 Qc7 14. Qc2 b6 15. b4 axb4 16. axb4 Bg7 17. h3 Nf8 18. Be3 Rb8 19. c5 b5 20. Nc3 Be6 21. Red1 h6 22. Rd6 Nh5 23. Rbd1 g5 24. g3 Ng6 25. Kh2 Bf8 26. R6d2 Qc8 27. Qb2 Ra8 28. Ra1 Qb7 29. Rdd1 Nf6 30. Nd2 Nh7 31. Nb3 h5 32. Na5 Qc7 33. Nxc6 Qxc6 34. Bxb5 Qb7 35. Bxe8 Rxe8 36. b5 Rb8 37. Qe2 g4 38. c6 Qc8 39. Nd5 h4 40. Ra7 hxg3+ 41. fxg3 gxh3 42. Nb6 Rxb6 43. Bxb6 Bg4 44. Qc4 Be6 45. Qe2 Qb8 46. Be3 Qc8 47. c7 Be7 48. b6 1-0

[Event "Hastings 7980"]
[Site "Hastings"]
[Date "1979.??.??"]
[Round "12"]
[White "Zilber, Israel"]
[Black "Liberzon, Vladimir M"]
[Result "1/2-1/2"]
[WhiteElo "2410"]
[BlackElo "2515"]
[PlyCount "98"]
[EventDate "1979.12.??"]
[Source "ChessBase"]

1. Nf3 g6 2. d4 Bg7 3. c4 Nf6 4. Nc3 O-O 5. e4 d6 6. Be2 Nbd7 7. O-O e5 8. Re1 a5 9. Bf1 c6 10. Rb1 Re8 11. b3 exd4 12. Nxd4 Ng4 13. Qxg4 Bxd4 14. Qg3 Be5 15. Qf3 Nc5 16. Bb2 f5 17. Bd3 Qf6 18. Bc2 f4 19. Nd1 Ne6 20. Bxe5 dxe5 21. Qc3 f3 22. g3 Nd4 23. Bd3 Bh3 24. Ne3 Rf8 25. Nc2 Rad8 26. Nxd4 Rxd4 27. Rbd1 Qd8 28. Bc2 c5 29. Rxd4 cxd4 30. Qd2 b6 31. Bd3 Qe7 32. Rb1 Bg2 33. Qb2 Qb4 34. a3 Qc3 35. Qxc3 dxc3 36. Rc1 Rd8 37. Rxc3 Kf8 38. h4 h5 39. b4 axb4 40. axb4 Ra8 41. Rc1 Ra3 42. Bf1 Bxf1 43. Kxf1 Ke7 44. c5 Rb3 45. cxb6 Rxb4 46. Kg1 Rxb6 47. Rc3 Rb1+ 48. Kh2 Re1 49. Rxf3 Rxe4 1/2-1/2

[Event "EU final"]
[Site "corr EU final"]
[Date "1991.??.??"]
[Round "?"]
[White "Martin Gonzalez, Angel"]
[Black "Noria Silvestre, Joaquin"]
[Result "1-0"]
[WhiteElo "2445"]
[BlackElo "2480"]
[PlyCount "85"]
[EventDate "1991.??.??"]
[Source "www.chesslib.no"]
[SourceDate "2004.05.04"]

1. c4 Nf6 2. Nc3 d6 3. d4 Nbd7 4. e4 e5 5. Nf3 g6 6. Be2 Bg7 7. O-O O-O 8. Re1 c6 9. Bf1 a5 10. dxe5 dxe5 11. Na4 Re8 12. h3 Bf8 13. Bg5 Bb4 14. Re3 Qe7 15. Qc2 Kg7 16. Rd1 Bc5 17. Red3 b6 18. Bh4 Ra7 19. Nxc5 Qxc5 20. R3d2 h6 21. Be2 Nh5 22. Ne1 Nf4 23. Bg4 Nf6 24. Bxc8 Rxc8 25. Nd3 Nxd3 26. Bxf6+ Kxf6 27. Qxd3 h5 28. Qf3+ Ke7 29. Rd6 Qxd6 30. Rxd6 Kxd6 31. Qf6+ Kc5 32. Qxe5+ Kxc4 33. Qc3+ Kb5 34. Qd3+ Kc5 35. a4 Rb7 36. Qc3+ Kd6 37. Qf6+ Kc7 38. Qxf7+ Kb8 39. Qxg6 b5 40. e5 bxa4 41. e6 c5 42. Qg3+ Ka7 43. Qc3 1-0

[Event "Buenos Aires Open"]
[Site "Buenos Aires ARG"]
[Date "1995.??.??"]
[Round "8"]
[White "Casafus, Ruben"]
[Black "Quinteros, Miguel A"]
[Result "0-1"]
[WhiteElo "2420"]
[BlackElo "2505"]
[PlyCount "68"]
[EventDate "1995.??.??"]
[Source "www.chesslib.no"]
[SourceDate "2004.05.04"]

1. d4 Nf6 2. Nf3 e6 3. e3 g6 4. c4 Bg7 5. Nc3 O-O 6. Bd3 d6 7. O-O Nbd7 8. Re1 e5 9. e4 c6 10. Bf1 a5 11. Rb1 Re8 12. d5 Nc5 13. Bg5 h6 14. Bd2 Bd7 15. Qc1 Kh7 16. Qc2 Rc8 17. dxc6 Bxc6 18. Rbd1 b6 19. Qb1 Qc7 20. b3 Ra8 21. Nh4 Qb7 22. f3 Qe7 23. g3 Ne6 24. Be3 Nd4 25. Ne2 Nxf3+ 26. Nxf3 Bxe4 27. Qc1 Bxf3 28. Bxb6 Qb7 29. Be3 d5 30. cxd5 Nxd5 31. Bf2 e4 32. Bd4 Bxd4+ 33. Rxd4 Qa7 34. Qd2 Nc7 0-1

[Event "Nordic-ch"]
[Site "Reykjavik"]
[Date "1981.??.??"]
[Round "?"]
[White "Petursson, Margeir"]
[Black "Rantanen, Yrjo A"]
[Result "1-0"]
[WhiteElo "2460"]
[BlackElo "2465"]
[PlyCount "77"]
[EventDate "1981.07.??"]
[Source "ChessBase"]

1. d4 Nf6 2. c4 g6 3. Nc3 Bg7 4. e4 d6 5. Be2 O-O 6. Nf3 c6 7. O-O Nbd7 8. Re1 e5 9. Bf1 a5 10. dxe5 dxe5 11. Na4 Re8 12. Qc2 Bf8 13. h3 Nc5 14. Nxc5 Bxc5 15. Bg5 Qd6 16. Rad1 Qe6 17. Rd3 Nd7 18. Qc1 f6 19. Be3 Qe7 20. Red1 Nf8 21. Bxc5 Qxc5 22. b3 Be6 23. Ne1 Re7 24. Nc2 Rd7 25. Rxd7 Nxd7 26. a3 Qe7 27. Qe3 Bf7 28. b4 c5 29. Qd2 Nf8 30. Ne3 axb4 31. axb4 cxb4 32. Nd5 Bxd5 33. cxd5 Qc5 34. Rc1 Ra2 35. Rxc5 Rxd2 36. Bc4 Kg7 37. Rb5 Rd4 38. Rxb7+ Kh6 39. Bf1 1-0

[Event "Pernik"]
[Site "Pernik"]
[Date "1976.??.??"]
[Round "5"]
[White "Ogaard, Leif"]
[Black "Ghitescu, Theodor"]
[Result "1/2-1/2"]
[WhiteElo "2490"]
[BlackElo "2430"]
[PlyCount "54"]
[EventDate "1976.??.??"]
[Source "www.chesslib.no"]
[SourceDate "2004.05.04"]

1. d4 Nf6 2. c4 g6 3. Nc3 Bg7 4. e4 d6 5. Be2 O-O 6. Nf3 e5 7. O-O Nbd7 8. Re1 c6 9. Bf1 a5 10. Rb1 Re8 11. d5 Nc5 12. b3 cxd5 13. cxd5 Rf8 14. a3 Bd7 15. Nd2 Ne8 16. Nc4 b5 17. b4 axb4 18. axb4 Nxe4 19. Nxe4 bxc4 20. Bxc4 h6 21. b5 f5 22. Nc3 e4 23. Ne2 Rc8 24. Rb4 Rxc4 25. Rxc4 Bxb5 26. Rb4 Qa5 27. Qb3 Nc7 1/2-1/2

[Event "Rubinstein mem"]
[Site "Polanica Zdroj"]
[Date "1979.??.??"]
[Round "6"]
[White "Farago, Ivan"]
[Black "Bielczyk, Jacek"]
[Result "1/2-1/2"]
[WhiteElo "2510"]
[BlackElo "2410"]
[PlyCount "44"]
[EventDate "1979.08.??"]
[Source "ChessBase"]

1. d4 Nf6 2. c4 d6 3. Nc3 Nbd7 4. e4 e5 5. Nf3 g6 6. Be2 Bg7 7. O-O O-O 8. Re1 c6 9. Bf1 a5 10. Rb1 exd4 11. Nxd4 Re8 12. f3 Nc5 13. Be3 Nfd7 14. Qd2 a4 15. b4 axb3 16. axb3 Qc7 17. Red1 Ne5 18. h3 Qe7 19. Bg5 Qc7 20. Bh6 Bh8 21. Be3 Bg7 22. b4 Na4 1/2-1/2

[Event "USA Open"]
[Site "Fort Worth, TX USA"]
[Date "1984.??.??"]
[Round "8"]
[White "Dunning, John"]
[Black "Henley, Ron W"]
[Result "0-1"]
[WhiteElo "2337"]
[BlackElo "2582"]
[PlyCount "54"]
[EventDate "1984.??.??"]
[Source "www.chesslib.no"]
[SourceDate "2004.05.04"]

1. d4 Nf6 2. c4 g6 3. Nc3 Bg7 4. e4 d6 5. Be2 O-O 6. Nf3 Nbd7 7. O-O e5 8. Re1 c6 9. Rb1 a5 10. Bf1 Re8 11. d5 Nc5 12. b3 Bd7 13. Nd2 Qb8 14. a3 cxd5 15. cxd5 Rc8 16. Nb5 Bh6 17. f3 Kg7 18. a4 b6 19. Na3 Nh5 20. Ndc4 Bxc1 21. Qxc1 f5 22. Qe3 fxe4 23. fxe4 Nf6 24. Nd2 b5 25. Nxb5 Ng4 26. Qe2 Nd3 27. Qxd3 Bxb5 0-1

[Event "Toth Memorial"]
[Site "Kecskemet HUN"]
[Date "1977.??.??"]
[Round "?"]
[White "Barczay, Laszlo"]
[Black "Ermenkov, Evgenij P"]
[Result "1-0"]
[WhiteElo "2470"]
[BlackElo "2445"]
[PlyCount "130"]
[EventDate "1977.03.??"]
[Source "www.chesslib.no"]
[SourceDate "2004.05.04"]

1. d4 Nf6 2. c4 d6 3. Nc3 Nbd7 4. e4 e5 5. Nf3 c6 6. Be2 g6 7. O-O Bg7 8. Re1 O-O 9. Bf1 a5 10. h3 Re8 11. Be3 exd4 12. Bxd4 a4 13. Qc2 Qa5 14. Rad1 Ne5 15. Nd2 Nh5 16. Ne2 f5 17. c5 dxc5 18. Bxc5 f4 19. Nd4 Kh8 20. a3 Nf6 21. Bd6 Be6 22. Bxe5 Qxe5 23. N2f3 Qa5 24. Nxe6 Rxe6 25. Bc4 Re7 26. e5 Rae8 27. Re2 Nd7 28. Bf7 Rf8 29. e6 Nb6 30. Qe4 Rfxf7 31. exf7 Rxe4 32. Rd8+ Bf8 33. Rxf8+ Kg7 34. Rb8 Nd7 35. f8=Q+ Nxf8 36. Rxb7+ Kf6 37. Rxe4 Ne6 38. Re5 Qd8 39. Rb4 Qd1+ 40. Re1 Qd6 41. Rxa4 g5 42. Rae4 Ng7 43. Rc1 Nf5 44. Rec4 Ne7 45. Rc5 h6 46. Ne5 Qd2 47. R5c2 Qd5 48. Nxc6 h5 49. Nxe7 Kxe7 50. Rc7+ Kd8 51. R7c5 Qd2 52. Rf1 f3 53. gxf3 g4 54. fxg4 hxg4 55. hxg4 Qxb2 56. Rd5+ Ke7 57. Re1+ Kf6 58. Re3 Qc1+ 59. Kh2 Qc4 60. Rf5+ Kg6 61. Ref3 Qd4 62. Rf6+ Kg5 63. R6f5+ Kg6 64. Rf6+ Kg5 65. R3f4 Qb2 1-0

[Event "Kings Cup"]
[Site "?"]
[Date "2003.05.20"]
[Round "3"]
[White "Mateuta Gabriel"]
[Black "Badea Bela"]
[Result "1/2-1/2"]
[WhiteElo "2413"]
[BlackElo "2501"]
[PlyCount "22"]
[EventDate "2003.??.??"]
[Source "www.chesslib.no"]
[SourceDate "2004.05.04"]

1. d4 g6 2. c4 Bg7 3. Nc3 d6 4. e4 e5 5. Nf3 Nd7 6. Be2 Ngf6 7. O-O O-O 8. Re1 c6 9. Bf1 a5 10. b3 Re8 11. h3 exd4 1/2-1/2

[Event "Budapest FS02 GM"]
[Site "Budapest"]
[Date "2002.02.13"]
[Round "12"]
[White "Markus, Robert"]
[Black "Sedlak, Nikola"]
[Result "1/2-1/2"]
[WhiteElo "2470"]
[BlackElo "2442"]
[PlyCount "36"]
[EventDate "2002.02.02"]
[Source "ChessBase"]
[SourceDate "2002.03.14"]

1. d4 Nf6 2. c4 g6 3. Nc3 Bg7 4. e4 d6 5. Nf3 O-O 6. Be2 e5 7. O-O Nbd7 8. Re1 c6 9. Bf1 a5 10. Rb1 exd4 11. Nxd4 Ng4 12. Qxg4 Bxd4 13. Qg3 Nc5 14. Bg5 f6 15. Bf4 Be5 16. Qe3 Ne6 17. Bg3 Qe7 18. Rbd1 g5 1/2-1/2

[Event "Capablanca mem-A"]
[Site "Cienfuegos"]
[Date "1985.??.??"]
[Round "1"]
[White "Ivkov, Borislav"]
[Black "Yap, Andronico"]
[Result "1-0"]
[WhiteElo "2510"]
[BlackElo "2400"]
[PlyCount "77"]
[EventDate "1985.??.??"]
[Source "ChessBase"]

1. Nf3 Nf6 2. c4 d6 3. d4 Nbd7 4. Nc3 c6 5. e4 e5 6. Be2 g6 7. O-O Bg7 8. Re1 O-O 9. Bf1 Qe7 10. Rb1 a5 11. b3 exd4 12. Nxd4 Nc5 13. f3 Nfd7 14. Be3 Ne5 15. Bf2 Rd8 16. Qc2 Bd7 17. Rbd1 Be8 18. h3 f6 19. f4 Nf7 20. a3 Bd7 21. b4 axb4 22. axb4 Na6 23. Rb1 Re8 24. Nf3 Qd8 25. c5 Bh6 26. g3 Bf8 27. Na4 f5 28. Bc4 fxe4 29. Bxf7+ Kxf7 30. Ng5+ Kg8 31. cxd6 Qf6 32. Nb6 e3 33. Rxe3 Rxe3 34. Bxe3 Be6 35. Nxa8 Bxd6 36. Nxe6 Qxe6 37. Qb3 Qxb3 38. Rxb3 Nxb4 39. Bd2 1-0

[Event "Lone Pine op"]
[Site "Lone Pine"]
[Date "1979.??.??"]
[Round "9"]
[White "Zaltsman, Vitaly F"]
[Black "Ligterink, Gert"]
[Result "1/2-1/2"]
[WhiteElo "2470"]
[BlackElo "2440"]
[PlyCount "56"]
[EventDate "1979.03.??"]
[Source "ChessBase"]

1. Nf3 Nf6 2. c4 g6 3. Nc3 Bg7 4. e4 d6 5. d4 O-O 6. Be2 e5 7. O-O Nbd7 8. Re1 c6 9. Bf1 a5 10. Rb1 exd4 11. Nxd4 Re8 12. f3 d5 13. cxd5 cxd5 14. Ndb5 dxe4 15. Nd6 Rf8 16. Ncxe4 Nxe4 17. Nxc8 Rxc8 18. Rxe4 Nc5 19. Re1 Bd4+ 20. Be3 Bxe3+ 21. Rxe3 Qb6 22. Kh1 Rfd8 23. Qe1 Ne6 24. b3 Rc2 25. Re2 Nd4 26. Rxc2 Nxc2 27. Qe7 Ne3 28. Re1 Nxf1 1/2-1/2

[Event "First Saturday GM - Agosto 2007"]
[Site "Budapest UNG"]
[Date "2007.08.10"]
[Round "5"]
[White "Bromberger, Stefan"]
[Black "Rajlich, Iweta"]
[Result "1/2-1/2"]
[WhiteElo "2500"]
[BlackElo "2406"]
[PlyCount "95"]
[EventDate "2007.08.06"]
[Source "www.chesslib.no"]
[SourceDate "2004.05.04"]

1. d4 Nf6 2. c4 g6 3. Nc3 Bg7 4. e4 d6 5. Nf3 O-O 6. Be2 e5 7. O-O Nbd7 8. Re1 c6 9. Bf1 a5 10. Rb1 Re8 11. d5 Nc5 12. Qc2 Bd7 13. Nd2 Rc8 14. Nb3 Ncxe4 15. dxc6 Rxc6 16. Nxe4 Nxe4 17. Rxe4 d5 18. Re1 Bf5 19. Bd3 dxc4 20. Bxf5 cxb3 21. Qxb3 gxf5 22. Qxb7 Qd6 23. Be3 Rb8 24. Qa7 f4 25. Red1 Rxb2 26. Qa8+ Bf8 27. Ra1 Rxa2 28. Rab1 Rb2 29. Ra1 Qc7 30. Bd2 Rb8 31. Qxa5 Qxa5 32. Bxa5 Ra6 33. Bc3 Rxa1 34. Rxa1 f6 35. f3 Bc5+ 36. Kf1 Kf7 37. Be1 Rb2 38. Rc1 Rb5 39. g3 fxg3 40. hxg3 Ke6 41. g4 f5 42. gxf5+ Kxf5 43. Bg3 h5 44. Re1 Be7 45. Rxe5+ Rxe5 46. Bxe5 Kxe5 47. f4+ Kxf4 48. Kg2 1/2-1/2

[Event "UKR Ch"]
[Site "Kiev UKR"]
[Date "1986.??.??"]
[Round "12"]
[White "Shneider, Aleksandr"]
[Black "Podgaets, Mikhail"]
[Result "1/2-1/2"]
[WhiteElo "2450"]
[BlackElo "2455"]
[PlyCount "78"]
[EventDate "1986.??.??"]
[Source "www.chesslib.no"]
[SourceDate "2004.05.04"]

1. d4 Nf6 2. c4 g6 3. Nc3 Bg7 4. e4 d6 5. Be2 O-O 6. Nf3 e5 7. O-O Nbd7 8. Re1 c6 9. Bf1 a5 10. Rb1 Re8 11. d5 Nc5 12. b3 Bd7 13. a3 cxd5 14. cxd5 a4 15. b4 Nb3 16. Nb5 Qb8 17. Nd2 Nxc1 18. Rxc1 Rf8 19. Nc7 Ra7 20. b5 Bh6 21. Rc2 Qd8 22. Qb1 Bxd2 23. Rxd2 Ne8 24. Rc2 b6 25. Na6 f5 26. Bd3 fxe4 27. Bxe4 Nf6 28. Bd3 e4 29. Bf1 Bf5 30. Qc1 e3 31. Rb2 exf2+ 32. Rxf2 Ne4 33. Rf3 Nc5 34. Nb4 Raf7 35. Nc6 Qh4 36. Rf4 Qg5 37. h4 Qg3 38. Ne7+ Kg7 39. Qb2+ Kh6 1/2-1/2

[Event "JUG-ch"]
[Site "Umag"]
[Date "1972.??.??"]
[Round "14"]
[White "Marovic, Drazen"]
[Black "Sofrevski, Jovan"]
[Result "1-0"]
[WhiteElo "2465"]
[BlackElo "2440"]
[PlyCount "197"]
[EventDate "1972.??.??"]
[Source "ChessBase"]

1. d4 Nf6 2. c4 d6 3. Nf3 Nbd7 4. Nc3 e5 5. e4 c6 6. Be2 g6 7. O-O Bg7 8. Re1 O-O 9. Bf1 a5 10. Rb1 Re8 11. b3 exd4 12. Nxd4 d5 13. cxd5 Nxd5 14. exd5 Rxe1 15. Qxe1 Bxd4 16. dxc6 bxc6 17. Be3 Be5 18. Na4 Qc7 19. g3 Bb7 20. Bg2 Bd6 21. Rd1 Bb4 22. Bd2 Bxd2 23. Qxd2 Nb6 24. Nc5 Nd5 25. Nxb7 Qxb7 26. Bxd5 cxd5 27. Qxd5 Qa6 28. Rd4 Re8 29. Kg2 Re1 30. Rc4 h5 31. Qd8+ Kh7 32. Qd5 Kg8 33. h4 Ra1 34. a3 Rb1 35. Qe4 Rd1 36. Qf3 Rb1 37. Qe4 Rd1 38. b4 axb4 39. axb4 Ra1 40. Qe8+ Kg7 41. b5 Qd6 42. Qe4 Qd1 43. Qd4+ Qxd4 44. Rxd4 Rb1 45. Rd5 Rb3 46. Kf1 Kf6 47. Ke2 Ke6 48. Rc5 Kd6 49. Rc6+ Ke5 50. Rb6 Ke4 51. Rb7 f6 52. Rb6 Rb2+ 53. Kf1 Kf5 54. Rb8 Kg4 55. Kg2 Rb3 56. b6 Rb2 57. b7 Kf5 58. Kf3 Rb3+ 59. Ke2 Rb2+ 60. Ke3 Rb3+ 61. Ke2 Rb2+ 62. Kd3 Kg4 63. Rg8 Rxb7 64. Rxg6+ Kf5 65. Rh6 Re7 66. f3 Re1 67. Rxh5+ Kg6 68. g4 Rh1 69. Ke2 Rh2+ 70. Kf1 Kg7 71. Kg1 Ra2 72. Rf5 Rb2 73. h5 Ra2 74. Kf1 Rb2 75. Kg1 Ra2 76. h6+ Kxh6 77. Rxf6+ Kg5 78. Rf5+ Kh4 79. Kf1 Rb2 80. g5 Kh5 81. f4 Kg6 82. Rf6+ Kg7 83. Kg1 Ra2 84. f5 Rb2 85. Rh6 Rb5 86. Rg6+ Kf7 87. Rf6+ Kg7 88. Kf2 Rb3 89. Kg2 Ra3 90. Rh6 Ra5 91. Rg6+ Kf7 92. Rf6+ Kg7 93. Kf3 Ra1 94. Re6 Rf1+ 95. Ke4 Re1+ 96. Kf4 Rf1+ 97. Ke5 Re1+ 98. Kd6 Rg1 99. Ke7 1-0

[Event "URS-ch48 sf Krasnodar"]
[Site "Krasnodar RUS"]
[Date "1980.??.??"]
[Round "?"]
[White "Mochalov, Evgeny V"]
[Black "Podgaets, Mikhail"]
[Result "1-0"]
[WhiteElo "2455"]
[BlackElo "2450"]
[PlyCount "79"]
[EventDate "1980.??.??"]
[Source "www.chesslib.no"]
[SourceDate "2004.05.04"]

1. Nf3 Nf6 2. c4 g6 3. Nc3 Bg7 4. e4 d6 5. d4 O-O 6. Be2 e5 7. O-O Nbd7 8. Re1 c6 9. Bf1 a5 10. dxe5 dxe5 11. Na4 Re8 12. c5 Bf8 13. Qc2 Qe7 14. Bg5 h6 15. Be3 Ng4 16. Rac1 Nxe3 17. Rxe3 Bg7 18. Nd2 Ra7 19. Qb3 h5 20. Bc4 Nf8 21. Rd3 Ne6 22. Nf3 Kh8 23. Rcd1 Rf8 24. Qa3 Nf4 25. Rd6 f5 26. Nb6 Be6 27. Bxe6 Nxe6 28. Nd7 fxe4 29. Nxf8 Nxf8 30. Nd2 Ne6 31. Nxe4 Ra8 32. Qh3 Nf4 33. Qe3 Rf8 34. g3 Ne6 35. Rd7 Qe8 36. Rxb7 Nd4 37. Kg2 Qe6 38. Nd6 h4 39. Rxd4 h3+ 40. Kf1 1-0

[Event "WchT U26 fin-A"]
[Site "Caracas VEN"]
[Date "1976.??.??"]
[Round "5"]
[White "Garcia Gonzales, Guillermo"]
[Black "Hug, Werner"]
[Result "1-0"]
[WhiteElo "2475"]
[BlackElo "2430"]
[PlyCount "143"]
[EventDate "1976.??.??"]
[Source "www.chesslib.no"]
[SourceDate "2004.05.04"]

1. d4 Nf6 2. c4 d6 3. Nc3 Nbd7 4. e4 e5 5. Nf3 c6 6. Be2 g6 7. O-O Bg7 8. Re1 O-O 9. Bf1 a5 10. Rb1 Re8 11. d5 Nc5 12. b3 Bd7 13. Nd2 Bh6 14. a3 cxd5 15. cxd5 Qc7 16. a4 Nd3 17. Bxd3 Qxc3 18. Nc4 Bxc1 19. Rxc1 Qb4 20. Re2 Rec8 21. Rec2 Ne8 22. Qd2 Qxd2 23. Nxd2 Rxc2 24. Rxc2 b5 25. Bxb5 Bxb5 26. axb5 Rb8 27. f3 Kf8 28. Kf2 Ke7 29. Rc6 Rxb5 30. Ke3 Kd7 31. Kd3 f5 32. Kc3 fxe4 33. fxe4 Nf6 34. Ra6 Rc5+ 35. Kd3 Rb5 36. Ra7+ Kd8 37. Rf7 Nd7 38. Rxh7 a4 39. bxa4 Nc5+ 40. Ke3 Rb4 41. Rg7 Rxa4 42. Rxg6 Ke7 43. h4 Ra3+ 44. Ke2 Ra2 45. Kd1 Nd3 46. Nc4 Nf2+ 47. Kc1 Nxe4 48. h5 Ra1+ 49. Kb2 Rh1 50. Re6+ Kf7 51. h6 Rh2 52. Nxd6+ Nxd6 53. Rxd6 Rxg2+ 54. Kc3 Rh2 55. Re6 Rh4 56. Rxe5 Rxh6 57. Kc4 Rh1 58. d6 Kf6 59. Re8 Rd1 60. Kc5 Rc1+ 61. Kb6 Rb1+ 62. Kc7 Rc1+ 63. Kd8 Kf7 64. d7 Rc2 65. Re1 Rh2 66. Rd1 Rc2 67. Rf1+ Kg7 68. Rf4 Rc1 69. Ke7 Re1+ 70. Kd6 Rd1+ 71. Ke6 Rd2 72. Rf5 1-0

[Event "Capablanca mem-A 13th"]
[Site "Cienfuegos City CUB"]
[Date "1976.05.17"]
[Round "1"]
[White "Kozma, Julius"]
[Black "Sigurjonsson, Gudmundur"]
[Result "0-1"]
[WhiteElo "2375"]
[BlackElo "2530"]
[PlyCount "182"]
[EventDate "1976.05.17"]
[Source "www.chesslib.no"]
[SourceDate "2004.05.04"]

1. Nf3 Nf6 2. c4 g6 3. Nc3 Bg7 4. e4 d6 5. d4 O-O 6. Be2 e5 7. O-O Nbd7 8. Re1 c6 9. Rb1 a5 10. Bf1 Re8 11. d5 Nc5 12. b3 Qc7 13. a3 cxd5 14. cxd5 Bg4 15. h3 Bd7 16. Bd2 Nh5 17. b4 axb4 18. axb4 Na6 19. g3 Qd8 20. Bg5 f6 21. Bd2 Rc8 22. Nh4 Bf8 23. Qf3 Ng7 24. Bd3 Be7 25. Rec1 Rf8 26. Bh6 f5 27. exf5 Bxh4 28. gxh4 Qxh4 29. Bxg7 Kxg7 30. Qg4 Qe7 31. Ne2 Nc7 32. Qg2 Bxf5 33. Bxf5 Rxf5 34. Ng3 Rff8 35. b5 Qd7 36. b6 Nb5 37. Rxc8 Rxc8 38. Nh5+ Kh8 39. Nf6 Qf5 40. Rxb5 Rc1+ 41. Kh2 Qxf6 42. Qg3 Qf5 43. Qe3 Rd1 44. Rb3 e4 45. Kg2 Qxd5 46. Qc3+ Kg8 47. Qc8+ Kg7 48. Re3 Rd3 49. Qd8 Rd2 50. Qe7+ Qf7 51. Qxf7+ Kxf7 52. Rxe4 Rb2 53. Rc4 Rxb6 54. Rc7+ Ke6 55. Rxh7 d5 56. Kf3 Rb2 57. Ke3 g5 58. Rg7 Kf6 59. Rd7 Ke5 60. Re7+ Kd6 61. Rg7 Kc5 62. Rc7+ Kd6 63. Rg7 Rb3+ 64. Kd4 Rb4+ 65. Kd3 b5 66. Rxg5 Ra4 67. Rh5 Ra5 68. Rh8 Ra3+ 69. Kc2 Rf3 70. h4 Rxf2+ 71. Kb3 Rf3+ 72. Kc2 Rh3 73. h5 Kc5 74. Rc8+ Kb4 75. Rh8 d4 76. h6 d3+ 77. Kd2 Kb3 78. Rb8 b4 79. Rb6 Ka3 80. Ra6+ Kb2 81. Rg6 b3 82. Rb6 Ka2 83. Kc3 Kb1 84. Kd2 b2 85. Ra6 Rh2+ 86. Kxd3 Kc1 87. Rc6+ Kd1 88. Rb6 Rh3+ 89. Ke4 Kc2 90. Rc6+ Rc3 91. Rb6 Rb3 0-1